Az ARC 239 hatása a miometrium és a cervix működésére patkányban, in vitro [The effect of the ARC 239 on the myometrial and cervical action in the rat, in vitro]

Elmentve itt :
Bibliográfiai részletek
Szerzők: Gál A
Kolarovszki-Sipiczki Z
Gálik M
Ducza Eszter
Minorics Renáta
Klukovits Anna
Falkay György
Gáspár Róbert
Dokumentumtípus: Cikk
Megjelent: 2009
Sorozat:ACTA PHARMACEUTICA HUNGARICA 79 No. 2
Tárgyszavak:
mtmt:1688145
Online Access:http://publicatio.bibl.u-szeged.hu/39825
LEADER 01016nab a2200277 i 4500
001 publ39825
005 20260409082107.0
008 260409s2009 hu o 000 hun d
022 |a 0001-6659 
024 7 |a 1688145  |2 mtmt 
040 |a SZTE Publicatio Repozitórium  |b hun 
041 |a hun 
100 1 |a Gál A 
245 1 3 |a Az ARC 239 hatása a miometrium és a cervix működésére patkányban, in vitro [The effect of the ARC 239 on the myometrial and cervical action in the rat, in vitro]  |h [elektronikus dokumentum] /  |c  Gál A 
260 |c 2009 
300 |a 75-80 
490 0 |a ACTA PHARMACEUTICA HUNGARICA  |v 79 No. 2 
650 4 |a Általános orvostudomány 
700 0 2 |a Kolarovszki-Sipiczki Z  |e aut 
700 0 2 |a Gálik M  |e aut 
700 0 2 |a Ducza Eszter  |e aut 
700 0 2 |a Minorics Renáta  |e aut 
700 0 2 |a Klukovits Anna  |e aut 
700 0 2 |a Falkay György  |e aut 
700 0 2 |a Gáspár Róbert  |e aut 
856 4 0 |u http://publicatio.bibl.u-szeged.hu/39825/1/gal_et_al_2009_acta_pharm_hung.pdf  |z Dokumentum-elérés